LIBRARY & INFORMATION CENTRE, KCAET, TAVANUR

ONLINE PUBLIC ACCESS CATALOGUE (OPAC)

Audels new electric library, Vol 5 / (Record no. 6194)

MARC details
000 -LEADER
fixed length control field 00463cam a2200181ua 4500
041 ## - LANGUAGE CODE
Language code of text/sound track or separate title eng
082 ## - DEWEY DECIMAL CLASSIFICATION NUMBER
Classification number 621.3
Item number GRA/AU
100 ## - MAIN ENTRY--AUTHOR NAME
Personal name Graham, Frank D.
245 ## - TITLE STATEMENT
Title Audels new electric library, Vol 5 /
250 ## - EDITION STATEMENT
Edition statement 1 /
260 ## - PUBLICATION, DISTRIBUTION, ETC. (IMPRINT)
Place of publication Mumbai :
Name of publisher D B Taraporevala sons & Co. Pvt. Ltd. ,
Year of publication 1968.
300 ## - PHYSICAL DESCRIPTION
Number of Pages 2352 ; .
942 ## - ADDED ENTRY ELEMENTS (KOHA)
Koha item type Books
Holdings
Withdrawn status Lost status Damaged status Home library Current library Date acquired Full call number Accession Number Koha item type
      KAUAET KAUAET 07/04/2012 621.3 12343 Books
free website counter